Statistics for Trace the Coast of Europe with a Map

Click here to take the quiz!

General Stats

  • This quiz has been taken 7,344 times
  • The average score is 30 of 39

Answers on the Map

Answers color-coded by a green-red scale on the quiz's map according to % correct below.
Loading ...
 

Answer Stats

Country% Correct
Russia
100%
Sweden
87%
Finland
87%
Norway
87%
Estonia
83%
Latvia
83%
Netherlands
82%
Portugal
82%
Spain
82%
France
82%
Belgium
82%
Denmark
82%
Germany
82%
Poland
82%
Lithuania
82%
Russia
82%
Germany
81%
Russia
81%
Spain
81%
France
79%
Italy
78%
Spain
78%
Monaco
78%
Gibraltar
77%
France
77%
Slovenia
76%
Croatia
76%
Bosnia and Herzegovina
76%
Greece
73%
Montenegro
72%
Albania
72%
Croatia
71%
Turkey
70%
Bulgaria
70%
Romania
69%
Ukraine
68%
Russia
68%
Russia
66%
Ukraine
65%

Score Distribution

Percentile by Number Answered

Percent of People with Each Score

Your Score History

You have not taken this quiz